000 00291nam a22001097a 4500
082 _a823/ROY
100 _aRoy, Bhaskar
_980250
245 _aBibhutibhushan Bandyopadhyay The Mountain of The Moon
260 _aKolkata
_bInstitute of Social
_c2017
650 _aStories
_980251
942 _cBK
999 _c63672
_d63672